| 000 | 03300nam0a22005291 4500 | ||
|---|---|---|---|
| 001 | v19\rc\1318204 | ||
| 005 | 20260408063741.0 | ||
| 035 | _a(NLR Aleph) 004473571 | ||
| 090 |
_a4572877 _c4572877 |
||
| 100 | _a20060512d1826 m y0rusy50 ca | ||
| 101 | 0 | _arus | |
| 102 | _aRU | ||
| 135 | _acrcn 024anaba | ||
| 140 | _ay у zz yyy 1 | ||
| 200 | 1 | _aУстав о цензуре | |
| 210 |
_aСанктпетербург _cв типографии Департамента народнаго просвещения _d1826 |
||
| 215 |
_a80 с. _cтабл. _d4º |
||
| 300 | _aНа тит. л. эмблема тип. Департамента народного просвещения. | ||
| 300 | _aНа с.7 и 69 перед текстом: "На полинном собственною его императорскаго величества рукою написано: Быть по сему. Николай. Царское село, 10 июня 1826". | ||
| 300 | _aВ конце текста на с.6, 67 и 72: "Подлинные подписал: Александр Шишков. Верно: директор кн. Ширинский-Шихматов". | ||
| 316 |
_aЭкз. РНБ (69-7/475) в обл. из голубой бумаги. На тит. ярлык с шифром РНБ. На обороте тит. л., с.33 круглый штамп ГПБ. На тит. л. бумаж. обл. с шифром РНБ. Книж. блок не обрезан. Размер: 26,0х22,0х1,5 см. _5NLR: 69-7/475 |
||
| 321 | 1 | _aПСЗ. Т.1. 403 | |
| 325 | _aКопия доступна в Электрон. б-ке РНБ | ||
| 702 | 0 |
_4720 _8rus _7ca _aНиколай _cимператор российский _dI _f1796-1855 _3RU\NLR\AUTH\779185 _9119033 |
|
| 702 | 1 |
_4720 _8rus _7ca _aШишков _bА. С. _f1754-1841 _gАлександр Семенович _3RU\NLR\AUTH\7761424 _944354 |
|
| 702 | 1 |
_4720 _8rus _7ca _aШиринский-Шихматов _bП.А. _f1790-1853 _gПлатон Александрович _3RU\NLR\AUTH\7716440 _9126080 |
|
| 712 | 0 | 1 |
_4610 _aРоссия _bДепартамент народного просвещения _bТипография _3RU\NLR\AUTH\8810036469 _9571615 |
| 740 | 1 |
_aРоссия _tЗаконы и постановления _3RU\NLR\AUTH\889957980 _9412049 |
|
| 801 | 0 |
_aRU _bNLR _gpsbo |
|
| 801 | 0 |
_aRU _bRuMoRGB _2psbo |
|
| 801 | 1 |
_aRU _bProSoft-M _2rusmarc |
|
| 852 |
_aNLR _j69-7/475 |
||
| 856 | 0 | _uhttps://vivaldi.nlr.ru/bx000028298/view | |
| 856 | 1 | _uhttps://vivaldi.nlr.ru/bx000028298/cover | |
| 856 | 2 | _uhttps://vivaldi.nlr.ru/bx000028298/text | |
| 899 |
_aRuMoRGB _jP 114/16 |
||
| 899 |
_aRuMoRGB _jA 129/3 |
||
| 899 |
_aRuMoRGB _jU 347/93 |
||
| 899 | _aНБ МГУ | ||
| 942 | _cBOOK | ||
| 980 | _aNB | ||
| 981 | 2 | 2 |
_a(22) Материалы по истории России _b(22) История России до 25 октября (7 ноября) 1917 года |
| 981 | 2 | 0 |
_a(20) Книжные памятники РНБ _b(20) Русский книжный фонд |